Passport Screening (Sudden Death) - Statistics

General Stats
  • This quiz has been taken 292 times
  • The average score is 12 of 16
Answers on the Grid
Answers color-coded by a green-red scale on the quiz's grid according to % correct below.
 
Answer Stats
Answer % Correct
Canada - Rank 8 (170 countries)
86%
United Kingdom - Rank 8 (170 countries)
85%
Spain - Rank 2 (176 countries)
85%
Japan - Rank 5 (173 countries)
84%
United States - Rank 9 (169 countries)
84%
Denmark - Rank 3 (175 countries)
81%
New Zealand - Rank 6 (172 countries)
80%
France - Rank 3 (175 countries)
80%
Singapore - Rank 3 (175 countries)
79%
Iceland - Rank 7 (171 countries)
78%
Portugal - Rank 3 (175 countries)
77%
Switzerland - Rank 3 (175 countries)
76%
Slovakia - Rank 5 (173 countries)
69%
Croatia - Rank 5 (173 countries)
67%
United Arab Emirates - Rank 1 (179 countries)
62%
Malaysia - Rank 8 (170 countries)
42%
No matching quizzes found
Score Distribution
Percent of People with Each Score
Percentile by Number Answered
Your Score History
You have not taken this quiz